[Event "10th Ugra Governor's Cup"]
[Site "Khanty-Mansiysk RUS"]
[Date "2014.11.06"]
[Round "2.10"]
[White "Goryachkina, Aleksandra"]
[Black "Shimanov, Aleksandr"]
[Result "0-1"]
[WhiteTitle "WGM"]
[BlackTitle "GM"]
[WhiteElo "2438"]
[BlackElo "2589"]
[WhiteFideId "4147103"]
[BlackFideId "4198603"]
[EventDate "2014.11.05"]

1. d4 d6 2. Nf3 g6 3. c4 Bg7 4. e4 Bg4 5. Be2 e5 6. d5 Nd7 7. Be3 Bxf3 8. Bxf3
h5 9. Nc3 Bh6 10. Bxh6 Nxh6 11. O-O O-O 12. b4 Kg7 13. Qe2 f5 14. exf5 Nxf5 15.
Be4 Nd4 16. Qd3 Qf6 17. Nb5 a5 18. Nxc7 axb4 19. Nxa8 Nc5 20. Qe3 Rxa8 21. f3 h4
22. Rae1 Rxa2 23. Bb1 Rb2 24. f4 exf4 25. Qe7+ Qxe7 26. Rxe7+ Kf6 27. Ree1 g5
28. Rf2 Rxf2 29. Kxf2 b3 30. h3 Nc2 31. Re2 Ne3 32. Rxe3 fxe3+ 33. Kxe3 Ke5 34.
Bg6 Na4 35. Kd3 Kf4 36. Kd2 Nc5 37. Bh5 Ne4+ 38. Kd3 b6 39. Bg6 Nc5+ 40. Kc3 Kg3
41. Bf5 Kxg2 42. Kb2 Kf3 43. Kc3 Ne4+ 44. Kxb3 Nf2 0-1

[Event "10th Ugra Governor's Cup"]
[Site "Khanty-Mansiysk RUS"]
[Date "2014.11.06"]
[Round "2.12"]
[White "Yuffa, Daniil"]
[Black "Predke, Alexandr"]
[Result "1-0"]
[WhiteTitle "IM"]
[WhiteElo "2467"]
[BlackElo "2545"]
[WhiteFideId "24131423"]
[BlackFideId "24107581"]
[EventDate "2014.11.05"]

1. g3 e5 2. Bg2 f5 3. c4 Nf6 4. Nc3 Bb4 5. Qb3 Bxc3 6. Qxc3 d6 7. Nf3 O-O 8. O-O
Qe8 9. d4 e4 10. Nd2 Qh5 11. f3 c5 12. dxc5 dxc5 13. Qe5 b6 14. g4 Qf7 15. g5
Nfd7 16. Qd6 Bb7 17. fxe4 Qe8 18. b3 Na6 19. Bb2 Rd8 20. Qd3 f4 21. Qc3 Qe7 22.
h4 Nb4 23. a3 Nc6 24. Nf3 Nd4 25. Nxd4 cxd4 26. Qxd4 Nc5 27. Qe5 Qxe5 28. Bxe5
Nxb3 29. Ra2 Rfe8 30. Bxf4 Bxe4 31. Bh3 Na5 32. c5 Bd5 33. Rc2 Bb3 34. Rc3 Be6
35. Bxe6+ Rxe6 36. cxb6 axb6 37. e3 h5 38. gxh6 gxh6 39. Kf2 Rd7 40. Rfc1 b5 41.
Rc8+ Kf7 42. R1c5 Nc4 43. Rxb5 Nxa3 44. Rb3 Rd2+ 45. Kg3 Rc2 46. Rh8 Kg7 47.
Rxh6 Rxh6 48. Bxh6+ Kxh6 49. Rxa3 Rc4 50. Ra6+ Kh5 51. Ra5+ Kg6 52. Rg5+ Kf6 53.
Rg4 Rc3 54. Kf4 Rc1 55. Kf3 Re1 56. Rf4+ Ke5 57. h5 Rh1 58. Kg4 Rg1+ 59. Kh4
Rh1+ 60. Kg5 Rh3 61. h6 Rg3+ 62. Rg4 Rxe3 63. h7 Rh3 64. Rh4 Rg3+ 65. Kh6 1-0

[Event "10th Ugra Governor's Cup"]
[Site "Khanty-Mansiysk RUS"]
[Date "2014.11.06"]
[Round "2.13"]
[White "Matsenko, Sergei"]
[Black "Kozionov, Kirill"]
[Result "1-0"]
[WhiteTitle "IM"]
[BlackTitle "FM"]
[WhiteElo "2482"]
[BlackElo "2403"]
[WhiteFideId "4170083"]
[BlackFideId "24101729"]
[EventDate "2014.11.05"]

1. Nf3 c5 2. c4 Nc6 3. Nc3 e5 4. g3 g6 5. Bg2 Bg7 6. O-O d6 7. a3 a5 8. d3 Nge7
9. Nd5 Nxd5 10. cxd5 Ne7 11. Nd2 a4 12. Rb1 Nf5 13. Ne4 b5 14. Bg5 f6 15. Bd2
Nd4 16. f4 Bg4 17. Rf2 f5 18. Ng5 exf4 19. Bxf4 Ra6 20. Qf1 h6 21. Ne6 Nxe6 22.
dxe6 d5 23. h3 Bh5 24. e4 dxe4 25. dxe4 Rxe6 26. exf5 gxf5 27. g4 fxg4 28. Qxb5+
Qd7 29. Qxc5 Bg6 30. Rd2 Bd3 31. Qh5+ Ke7 32. Rbd1 Qd4+ 33. Kh1 gxh3 34. Qxh3
Qxf4 35. Rxd3 Qc7 36. Qh4+ Bf6 37. Qb4+ Ke8 38. Qxa4+ Kf8 39. Qb4+ Re7 40. Rd6
Kg7 41. Qg4+ Bg5 42. Qd4+ Kh7 43. Qd3+ Kg8 44. Bd5+ Kf8 45. Rf1+ 1-0

[Event "10th Ugra Governor's Cup"]
[Site "Khanty-Mansiysk RUS"]
[Date "2014.11.07"]
[Round "3.1"]
[White "Kokarev, Dmitry"]
[Black "Artemiev, Vladislav"]
[Result "1/2-1/2"]
[WhiteTitle "GM"]
[BlackTitle "GM"]
[WhiteElo "2624"]
[BlackElo "2660"]
[WhiteFideId "4132181"]
[BlackFideId "24101605"]
[EventDate "2014.11.05"]

1. e4 c5 2. Nf3 a6 3. c3 e6 4. d4 d5 5. exd5 exd5 6. Bd3 c4 7. Bc2 Bd6 8. Ne5
Ne7 9. Qh5 Be6 10. O-O Nd7 11. Bf4 Qc7 12. Re1 Nxe5 13. Bxe5 Bxe5 14. Qxe5 Qxe5
15. Rxe5 Bd7 16. Nd2 f6 17. Re2 Kf7 18. Rae1 Rae8 19. Nf1 Nc8 20. Ne3 Bc6 21. h4
Nd6 22. Nf5 Nxf5 23. Bxf5 Rxe2 24. Rxe2 g6 25. Be6+ Kg7 26. Bd7 Kf7 27. Be6+ Kg7
28. Bd7 Kf7 1/2-1/2

[Event "10th Ugra Governor's Cup"]
[Site "Khanty-Mansiysk RUS"]
[Date "2014.11.07"]
[Round "3.2"]
[White "Mamedov, Rauf"]
[Black "Matlakov, Maxim"]
[Result "1/2-1/2"]
[WhiteTitle "GM"]
[BlackTitle "GM"]
[WhiteElo "2652"]
[BlackElo "2685"]
[WhiteFideId "13401653"]
[BlackFideId "4168003"]
[EventDate "2014.11.05"]

1. e4 e5 2. Nf3 Nc6 3. Bb5 Nf6 4. d4 exd4 5. O-O a6 6. Ba4 Be7 7. Re1 O-O 8. e5
Nd5 9. Nxd4 Nb6 10. Bb3 d5 11. c3 f6 12. Nxc6 bxc6 13. Bf4 fxe5 14. Bxe5 Bc5 15.
Bd4 Bd6 16. Nd2 Qh4 17. g3 Qh3 18. Re4 c5 19. Be3 Qd7 20. Rh4 Be7 21. Rf4 Bb7
22. Qh5 g6 23. Qg4 Qxg4 24. Rxg4 c4 25. Bc2 Nd7 26. Bh6 Rfe8 27. Nf3 Bc5 28. b4
cxb3 29. Bxb3 Nf6 30. Rf4 Ne4 31. Ng5 Nxc3 32. Rf7 Re7 33. Rxe7 Bxe7 34. Re1 Bd6
35. Re3 Nb5 36. Ne4 Be7 37. Nc3 Bf8 38. Bxf8 Kxf8 39. Nxd5 Rd8 40. Nf4 1/2-1/2

[Event "10th Ugra Governor's Cup"]
[Site "Khanty-Mansiysk RUS"]
[Date "2014.11.07"]
[Round "3.3"]
[White "Khismatullin, Denis"]
[Black "Khairullin, Ildar"]
[Result "1/2-1/2"]
[WhiteTitle "GM"]
[BlackTitle "GM"]
[WhiteElo "2679"]
[BlackElo "2625"]
[WhiteFideId "4142578"]
[BlackFideId "4151348"]
[EventDate "2014.11.05"]

1. c4 c5 2. Nf3 Nc6 3. Nc3 Nf6 4. g3 d5 5. d4 e6 6. cxd5 Nxd5 7. Bg2 Be7 8. O-O
O-O 9. Nxd5 exd5 10. dxc5 Bxc5 11. Qc2 Bb6 12. Rd1 h6 13. b3 Qf6 14. Bb2 d4 15.
Qd2 Rd8 16. Rac1 Be6 17. Qf4 Qxf4 18. gxf4 Rd7 19. Nh4 Ne7 20. Ba3 Re8 21. Bc5
Bxc5 22. Rxc5 b6 23. Re5 g6 24. Be4 Kg7 25. Nf3 Red8 26. Rb5 Bf5 27. Bd3 Bxd3
28. Rxd3 Nd5 29. Rxd4 a6 30. Rdxd5 Rxd5 31. Rxb6 R8d6 32. Rb7 Rd7 33. Rb6 R7d6
34. Rb7 Rd7 35. Rb6 R7d6 1/2-1/2

[Event "10th Ugra Governor's Cup"]
[Site "Khanty-Mansiysk RUS"]
[Date "2014.11.07"]
[Round "3.4"]
[White "Ponkratov, Pavel"]
[Black "Riazantsev, Alexander"]
[Result "1/2-1/2"]
[WhiteTitle "GM"]
[BlackTitle "GM"]
[WhiteElo "2624"]
[BlackElo "2678"]
[WhiteFideId "4157800"]
[BlackFideId "4125029"]
[EventDate "2014.11.05"]

1. d4 Nf6 2. c4 g6 3. Nc3 d5 4. cxd5 Nxd5 5. e4 Nxc3 6. bxc3 Bg7 7. Nf3 c5 8.
Rb1 O-O 9. Be2 cxd4 10. cxd4 Qa5+ 11. Bd2 Qxa2 12. O-O Bg4 13. Rxb7 Bxf3 14.
Bxf3 Bxd4 15. e5 Na6 16. Be3 Bxe3 17. fxe3 Rad8 18. Qa1 Qxa1 19. Rxa1 Nc5 20.
Rxe7 Rfe8 21. Raxa7 Rxe7 22. Rxe7 Kf8 23. Ra7 Re8 24. Bd5 Re7 25. Ra8+ Kg7 26.
e6 Nxe6 27. Bxe6 Rxe6 28. Kf2 Rf6+ 29. Ke2 Re6 30. Kf2 Rf6+ 31. Ke2 Re6 1/2-1/2

[Event "10th Ugra Governor's Cup"]
[Site "Khanty-Mansiysk RUS"]
[Date "2014.11.07"]
[Round "3.5"]
[White "Sjugirov, Sanan"]
[Black "Matsenko, Sergei"]
[Result "0-1"]
[WhiteTitle "GM"]
[BlackTitle "IM"]
[WhiteElo "2673"]
[BlackElo "2482"]
[WhiteFideId "4189302"]
[BlackFideId "4170083"]
[EventDate "2014.11.05"]

1. e4 e6 2. d4 d5 3. Nd2 Nc6 4. Ngf3 Nf6 5. e5 Nd7 6. Bd3 f6 7. exf6 Qxf6 8. Nf1
e5 9. Ne3 Nxd4 10. Nxd4 exd4 11. Nxd5 Qe5+ 12. Qe2 Kd8 13. Be4 Nc5 14. f3 Bg4
15. O-O Nxe4 16. Qxe4 Qxe4 17. fxe4 c6 18. Bg5+ Kd7 19. Rf7+ Ke6 20. Rf4 cxd5
21. exd5+ Kxd5 22. Rxg4 Bc5 23. Rd1 Kc6 24. Bh4 d3+ 25. Bf2 dxc2 26. Rc1 Rad8 0-1

[Event "10th Ugra Governor's Cup"]
[Site "Khanty-Mansiysk RUS"]
[Date "2014.11.07"]
[Round "3.6"]
[White "Shimanov, Aleksandr"]
[Black "Bukavshin, Ivan"]
[Result "0-1"]
[WhiteTitle "GM"]
[BlackTitle "GM"]
[WhiteElo "2589"]
[BlackElo "2629"]
[WhiteFideId "4198603"]
[BlackFideId "4199758"]
[EventDate "2014.11.05"]

1. e4 c5 2. Nf3 e6 3. c3 d5 4. e5 d4 5. Bd3 Bd7 6. O-O Bc6 7. Re1 g5 8. b4 g4 9.
b5 Bd7 10. Nxd4 cxd4 11. Qxg4 a6 12. c4 axb5 13. cxb5 Bc8 14. a4 h5 15. Qf4 Bc5
16. Be4 Nd7 17. d3 Qc7 18. Nd2 Qxe5 19. Qh4 Qf6 20. Qh3 Bb4 21. Re2 Bc3 22. Ra2
Qg5 23. g3 Ngf6 24. f4 Qg4 25. Qg2 Bxd2 26. Bxd2 Nxe4 27. Qxe4 O-O 28. Bb4 Re8
29. a5 e5 30. a6 Ra7 31. fxe5 Qxe4 32. Rxe4 bxa6 33. Rxd4 Nxe5 34. Rd6 Rb7 35.
b6 Rd7 36. Rh6 Rxd3 37. Rxh5 Bb7 38. Ra1 Nf3+ 39. Kf1 Rb3 40. Ba3 Rxb6 41. Rd1
Rf6 0-1

[Event "10th Ugra Governor's Cup"]
[Site "Khanty-Mansiysk RUS"]
[Date "2014.11.07"]
[Round "3.7"]
[White "Goganov, Aleksey"]
[Black "Gordievsky, Dmitry"]
[Result "0-1"]
[WhiteTitle "GM"]
[BlackTitle "FM"]
[WhiteElo "2609"]
[BlackElo "2471"]
[WhiteFideId "24109959"]
[BlackFideId "24112798"]
[EventDate "2014.11.05"]

1. c4 Nf6 2. Nc3 c5 3. g3 e6 4. Nf3 b6 5. Bg2 Bb7 6. O-O Be7 7. d4 cxd4 8. Qxd4
d6 9. b3 O-O 10. Rd1 Nbd7 11. Bb2 a6 12. e4 Qc7 13. h3 Rad8 14. Qe3 Rfe8 15. Re1
Qb8 16. Rad1 b5 17. cxb5 axb5 18. Ba3 Nxe4 19. Nxe4 Bxe4 20. Bxd6 Bxd6 21. Qxe4
Nf6 22. Qc6 b4 23. Nd4 Bf8 24. Qb7 Qxb7 25. Bxb7 Rb8 26. Bf3 Rb6 27. Nc6 g6 28.
Rd4 Rc8 29. Rc4 Kg7 30. Rec1 Ne8 31. R4c2 Ra6 32. Kg2 Rc7 33. Kf1 Bd6 34. Be2
Rb6 35. Bf3 f5 36. Rc4 e5 37. Bd5 Nf6 38. Bg2 e4 39. Nd4 Ra7 40. R1c2 Nd5 41. g4
Kf6 42. gxf5 gxf5 43. Rc6 Rxc6 44. Rxc6 Ke5 45. Nxf5 Kxf5 46. Rxd6 Ke5 47. Rd8
Nc3 48. Re8+ Kd4 49. Rd8+ Nd5 50. Rc8 Rc7 51. Rxc7 Nxc7 52. Ke2 Nd5 53. Kd2 Nc3
54. Bf1 Nxa2 55. Bc4 Nc3 56. Bg8 h6 57. Bc4 Nb1+ 58. Ke2 Kc3 59. Ke3 Nd2 60. Bg8
Nxb3 61. Kxe4 Nd2+ 62. Ke3 Nc4+ 63. Bxc4 Kxc4 64. Kd2 Kb3 65. f4 Kc4 66. f5 Kd5
67. Kd3 Ke5 68. Kc4 Kxf5 69. Kxb4 Kg5 70. Kc3 Kh4 71. Kd3 Kxh3 72. Ke3 Kg3 73.
Kd4 0-1

[Event "10th Ugra Governor's Cup"]
[Site "Khanty-Mansiysk RUS"]
[Date "2014.11.07"]
[Round "3.8"]
[White "Savchenko, Boris"]
[Black "Yuffa, Daniil"]
[Result "0-1"]
[WhiteTitle "GM"]
[BlackTitle "IM"]
[WhiteElo "2598"]
[BlackElo "2467"]
[WhiteFideId "4147332"]
[BlackFideId "24131423"]
[EventDate "2014.11.05"]

1. Nf3 Nf6 2. c4 e6 3. Nc3 Bb4 4. Qb3 Nc6 5. g3 O-O 6. Bg2 d6 7. e3 e5 8. O-O a5
9. a3 Bxc3 10. Qxc3 a4 11. Qc2 Nd7 12. d4 f5 13. Rd1 Qf6 14. Bd2 e4 15. Ne1 Nb6
16. Bb4 Be6 17. d5 Nxb4 18. axb4 Bf7 19. Rd4 Rfc8 20. f3 c5 21. bxc5 Rxc5 22.
fxe4 Rac8 23. b3 axb3 24. Qxb3 Nxc4 25. Bh3 b5 26. Bxf5 Rf8 27. Ra2 Qg5 28. Ng2
g6 29. Bh3 Qh5 30. Nf4 Qf3 31. Ne6 Nxe3 32. Qb1 Bxe6 33. Bxe6+ Kg7 34. Bh3 Rc2
35. Rd2 Rxd2 36. Rxd2 Nc4 37. Ra2 Qe3+ 38. Kg2 b4 39. Bg4 b3 40. Qa1+ b2 41.
Rxb2 Qxe4+ 42. Kh3 Nxb2 43. Qxb2+ Qe5 44. Qb7+ Rf7 45. Qb3 Qf6 46. Be6 Qf1+ 47.
Kg4 Rc7 48. Qb2+ Qf6 49. Qb1 h5+ 50. Kh3 g5 51. Kg2 g4 52. Qb3 Rc3 53. Qd1 Qe5
54. Qd2 Qe4+ 55. Kg1 Qb1+ 0-1

[Event "10th Ugra Governor's Cup"]
[Site "Khanty-Mansiysk RUS"]
[Date "2014.11.07"]
[Round "3.9"]
[White "Bocharov, Dmitry"]
[Black "Smirnov, Pavel"]
[Result "1/2-1/2"]
[WhiteTitle "GM"]
[BlackTitle "GM"]
[WhiteElo "2567"]
[BlackElo "2592"]
[WhiteFideId "4138716"]
[BlackFideId "4123425"]
[EventDate "2014.11.05"]

1. Nf3 Nf6 2. g3 d5 3. Bg2 e6 4. O-O Be7 5. d3 b6 6. e4 dxe4 7. dxe4 Qxd1 8.
Rxd1 Bb7 9. e5 Nfd7 10. Bf4 Na6 11. Nc3 O-O-O 12. Nb5 Nb4 13. c3 Nc6 14. h4 h6
15. h5 a6 16. Nbd4 Na5 17. b4 Nc4 18. Bf1 Nb2 19. Rdc1 c5 20. bxc5 bxc5 21. Rab1
Na4 22. Nd2 Ndb6 23. Ne2 Nd5 24. Bg2 Bc6 25. Ne4 Nxf4 26. Nxf4 Kc7 27. Rc2 Rb8
28. Rbc1 Rhd8 29. c4 Rb2 30. Nc3 Rxc2 31. Rxc2 Nxc3 32. Rxc3 Rd1+ 33. Kh2 Rd2
34. Ra3 Rxf2 35. Kg1 Rc2 36. Bxc6 Kxc6 37. Rxa6+ Kb7 38. Ra4 Rc3 39. Kf2 Bg5 40.
Ng2 Rc2+ 41. Kf3 Rc3+ 42. Kf2 Bc1 43. Ne1 Ba3 44. Ke2 Bb4 45. a3 Bxa3 46. Nd3
Bb4 47. Nxb4 cxb4 48. Rxb4+ Kc6 49. Kf2 f6 50. exf6 gxf6 51. Rb8 Rxc4 52. Rh8
Kd5 53. Rxh6 f5 54. Rg6 Rc2+ 55. Kg1 Ke4 56. h6 Kf3 57. h7 Rc1+ 58. Kh2 Rc2+ 59.
Kg1 Rc1+ 60. Kh2 Rc2+ 1/2-1/2

[Event "10th Ugra Governor's Cup"]
[Site "Khanty-Mansiysk RUS"]
[Date "2014.11.07"]
[Round "3.10"]
[White "Shomoev, Anton"]
[Black "Timofeev, Artyom"]
[Result "1-0"]
[WhiteTitle "GM"]
[BlackTitle "GM"]
[WhiteElo "2569"]
[BlackElo "2583"]
[WhiteFideId "4135148"]
[BlackFideId "4140419"]
[EventDate "2014.11.05"]

1. e4 c5 2. Nf3 Nc6 3. d4 cxd4 4. Nxd4 Nf6 5. Nc3 e5 6. Ndb5 d6 7. Bg5 a6 8. Na3
b5 9. Bxf6 gxf6 10. Nd5 f5 11. Bd3 Be6 12. c3 Bg7 13. Nxb5 axb5 14. Bxb5 Bd7 15.
exf5 h5 16. O-O Rh6 17. Qf3 Kf8 18. a4 Rb8 19. Rfd1 Kg8 20. b4 Ne7 21. Bxd7 Qxd7
22. a5 e4 23. Qxe4 Nxd5 24. Qxd5 Bxc3 25. Ra3 Bxb4 26. Rg3+ Kf8 27. Qd4 Rh7 28.
Rb3 Qa4 29. Rdb1 Qxa5 30. Rxb4 Rxb4 31. Rxb4 Qxf5 32. Rb8+ Ke7 33. Qh4+ Kd7 34.
Rb7+ Kc6 35. Qe7 Kd5 1-0

[Event "10th Ugra Governor's Cup"]
[Site "Khanty-Mansiysk RUS"]
[Date "2014.11.07"]
[Round "3.11"]
[White "Looshnikov, Nikolai"]
[Black "Goryachkina, Aleksandra"]
[Result "1/2-1/2"]
[WhiteTitle "IM"]
[BlackTitle "WGM"]
[WhiteElo "2490"]
[BlackElo "2438"]
[WhiteFideId "4150104"]
[BlackFideId "4147103"]
[EventDate "2014.11.05"]

1. e4 e5 2. Nf3 Nc6 3. Bb5 Nf6 4. d3 Bc5 5. O-O Nd4 6. Ba4 Nxf3+ 7. Qxf3 O-O 8.
Nc3 c6 9. Bb3 d6 10. Kh1 h6 11. Be3 Bb6 12. h3 Be6 13. Rad1 Qe7 14. Qe2 Bxe3 15.
Qxe3 b5 16. f4 a5 1/2-1/2

[Event "10th Ugra Governor's Cup"]
[Site "Khanty-Mansiysk RUS"]
[Date "2014.11.07"]
[Round "3.12"]
[White "Predke, Alexandr"]
[Black "Pridorozhni, Aleksei"]
[Result "1/2-1/2"]
[BlackTitle "GM"]
[WhiteElo "2545"]
[BlackElo "2533"]
[WhiteFideId "24107581"]
[BlackFideId "4127870"]
[EventDate "2014.11.05"]

1. e4 d5 2. exd5 Qxd5 3. Nc3 Qd6 4. d4 Nf6 5. Nb5 Qb6 6. c4 c6 7. Nc3 Bg4 8. Be2
Bxe2 9. Ngxe2 e6 10. O-O Be7 11. d5 exd5 12. cxd5 O-O 13. Be3 Qa6 14. d6 Bd8 15.
Ng3 Nbd7 16. Nf5 Re8 17. Re1 Qa5 18. Qc2 Re5 19. Nd4 Bb6 20. Nf3 Ree8 21. Bg5
Qc5 22. Qd2 h6 23. Bh4 Ba5 24. Qd3 Rxe1+ 25. Rxe1 Re8 26. Rxe8+ Nxe8 27. Be7
Nef6 28. h3 Bxc3 29. bxc3 Qd5 30. Qe3 Ne4 31. Qxa7 Nxd6 32. Qa8+ Kh7 33. a4 Nb6
34. Qf8 Ne4 35. a5 Nc4 36. Bh4 Nxc3 37. Qe7 Ne4 38. Qxb7 Nxa5 39. Qa7 Nb3 40.
Qa8 Nc1 41. Kh2 Qd6+ 42. Kh1 Nd2 43. Bg3 Qd5 44. Nxd2 Qxd2 45. Qxc6 Qd1+ 46. Kh2
Ne2 47. Qe4+ g6 48. h4 Nxg3 1/2-1/2

[Event "10th Ugra Governor's Cup"]
[Site "Khanty-Mansiysk RUS"]
[Date "2014.11.08"]
[Round "4.1"]
[White "Artemiev, Vladislav"]
[Black "Mamedov, Rauf"]
[Result "1/2-1/2"]
[WhiteTitle "GM"]
[BlackTitle "GM"]
[WhiteElo "2660"]
[BlackElo "2652"]
[WhiteFideId "24101605"]
[BlackFideId "13401653"]
[EventDate "2014.11.05"]

1. e4 c5 2. Nf3 d6 3. Bb5+ Bd7 4. Bxd7+ Qxd7 5. c4 Nf6 6. Nc3 g6 7. d4 cxd4 8.
Nxd4 Bg7 9. f3 O-O 10. Be3 Rc8 11. b3 Nc6 12. O-O Qd8 13. Qd2 Nd7 14. Nde2 a6
15. Rac1 Qa5 16. Rfd1 h5 17. Nd5 Qxd2 18. Rxd2 Kf8 19. Nec3 Rab8 20. Na4 b5 21.
cxb5 axb5 22. Nab6 Nxb6 23. Nxb6 Rxb6 24. Bxb6 Bh6 25. Rdc2 Bxc1 26. Rxc1 b4 27.
Be3 Ke8 28. Kf2 Kd7 29. Bd2 Ra8 30. Rc2 Nd4 31. Rb2 Nc6 32. Ke3 e6 33. h4 f6 34.
Rc2 e5 35. Kd3 f5 36. Be3 Rf8 37. Rd2 Ke6 38. Kc4 Rb8 39. Rd5 Ra8 40. Rd2 Rb8
41. Bf2 Ne7 42. Be3 Nc6 43. Bf2 1/2-1/2

[Event "10th Ugra Governor's Cup"]
[Site "Khanty-Mansiysk RUS"]
[Date "2014.11.08"]
[Round "4.3"]
[White "Matsenko, Sergei"]
[Black "Khismatullin, Denis"]
[Result "1/2-1/2"]
[WhiteTitle "IM"]
[BlackTitle "GM"]
[WhiteElo "2482"]
[BlackElo "2679"]
[WhiteFideId "4170083"]
[BlackFideId "4142578"]
[EventDate "2014.11.05"]

1. Nf3 c5 2. e4 d6 3. d4 cxd4 4. Nxd4 Nf6 5. Nc3 Nc6 6. Bg5 e6 7. Qd2 a6 8.
O-O-O Bd7 9. f4 b5 10. Bxf6 gxf6 11. Nxc6 Bxc6 12. Qe1 Ra7 13. Bd3 Qb6 14. Kb1
h5 15. Qh4 Be7 16. f5 b4 17. Ne2 e5 18. Ng3 Qf2 19. Rhf1 Qe3 20. Nxh5 Qg5 21.
Qxg5 fxg5 22. g4 f6 23. c3 a5 24. cxb4 axb4 25. Rfe1 Kd7 26. Bc4 Ra5 27. Re2 Rc5
28. b3 Kc8 29. Kb2 Kb8 30. Rdd2 Rh7 31. Rc2 Be8 32. Bg8 Rh8 33. Rxc5 dxc5 34.
Bc4 Bxh5 35. gxh5 Rxh5 36. a4 bxa3+ 37. Kxa3 Kc7 38. Kb2 Bf8 39. Kc2 Bh6 40. Rg2
Rh4 41. Bd3 g4 42. Be2 g3 43. hxg3 Rxe4 44. g4 Bg5 45. Rh2 Kd6 46. Bf3 Rd4 47.
Re2 Rf4 48. Rd2+ Kc7 49. Bd1 e4 50. Rg2 Rf1 51. Be2 Rc1+ 52. Kb2 Kd6 53. Ba6 Rd1
54. Rc2 Be3 55. Re2 Rd2+ 56. Rxd2+ Bxd2 57. Kc2 Ba5 58. Kd1 Ke5 59. Ke2 Kf4 60.
Bb7 Bc3 61. Bc6 Bd4 62. Bb7 e3 63. Bf3 Kg3 64. Bd5 Kxg4 65. Be6 1/2-1/2

[Event "10th Ugra Governor's Cup"]
[Site "Khanty-Mansiysk RUS"]
[Date "2014.11.08"]
[Round "4.4"]
[White "Riazantsev, Alexander"]
[Black "Yuffa, Daniil"]
[Result "1-0"]
[WhiteTitle "GM"]
[BlackTitle "IM"]
[WhiteElo "2678"]
[BlackElo "2467"]
[WhiteFideId "4125029"]
[BlackFideId "24131423"]
[EventDate "2014.11.05"]

1. d4 Nf6 2. c4 e6 3. Nf3 Bb4+ 4. Bd2 Qe7 5. g3 Bxd2+ 6. Qxd2 Nc6 7. e3 d5 8.
Qc3 dxc4 9. Na3 b6 10. Nxc4 Bb7 11. Bg2 O-O 12. Nfe5 Nd5 13. Bxd5 exd5 14. Nxc6
Bxc6 15. Nxb6 axb6 16. Qxc6 Qb4+ 17. Kf1 Qxb2 18. Kg2 Rxa2 19. Rxa2 Qxa2 20.
Qxc7 b5 21. Qb7 Qc2 22. Ra1 Qe4+ 23. Kg1 h5 24. Qxb5 Rc8 25. Qb7 Qf5 26. Ra8
Rxa8 27. Qxa8+ Kh7 28. Qb8 f6 29. Qf4 Qb1+ 30. Kg2 Kg6 31. g4 hxg4 32. Qxg4+ Kh6
33. Qh3+ Kg6 34. Qe6 Qb5 35. h4 Qb7 36. Kg3 Kh6 37. Kh3 Qb5 38. Qf5 Qe2 39. Kg3
g6 40. Qxf6 1-0

[Event "10th Ugra Governor's Cup"]
[Site "Khanty-Mansiysk RUS"]
[Date "2014.11.08"]
[Round "4.5"]
[White "Bukavshin, Ivan"]
[Black "Ponkratov, Pavel"]
[Result "1-0"]
[WhiteTitle "GM"]
[BlackTitle "GM"]
[WhiteElo "2629"]
[BlackElo "2624"]
[WhiteFideId "4199758"]
[BlackFideId "4157800"]
[EventDate "2014.11.05"]

1. d4 Nf6 2. Nf3 g6 3. Nbd2 Bg7 4. e4 d5 5. e5 Nfd7 6. e6 fxe6 7. Ng5 Nf8 8.
Ndf3 h6 9. Nh3 Qd6 10. Nf4 Nc6 11. c3 Bd7 12. Nd3 g5 13. h4 Ng6 14. hxg5 hxg5
15. Rxh8+ Bxh8 16. Nc5 O-O-O 17. Nxg5 Rg8 18. Qb3 b6 19. Nf7 Qh2 20. Qa4 a5 21.
Ba6+ Kb8 22. Nxd7+ Ka7 23. Qxc6 1-0

[Event "10th Ugra Governor's Cup"]
[Site "Khanty-Mansiysk RUS"]
[Date "2014.11.08"]
[Round "4.7"]
[White "Gordievsky, Dmitry"]
[Black "Bocharov, Dmitry"]
[Result "1/2-1/2"]
[WhiteTitle "FM"]
[BlackTitle "GM"]
[WhiteElo "2471"]
[BlackElo "2567"]
[WhiteFideId "24112798"]
[BlackFideId "4138716"]
[EventDate "2014.11.05"]

1. d4 Nf6 2. Nf3 e6 3. c4 b6 4. a3 Bb7 5. Nc3 d5 6. cxd5 Nxd5 7. e3 Be7 8. Bb5+
c6 9. Bd3 O-O 10. O-O c5 11. Nxd5 Qxd5 12. e4 Qd7 13. dxc5 Rd8 14. Ne5 Qd4 15.
Bf4 Nc6 16. Ba6 Bxa6 17. Nxc6 Qxc5 18. Nxd8 Rxd8 19. Qa4 Bxf1 20. Rxf1 b5 21.
Qa5 h6 22. Be3 Qc6 23. g3 a6 24. Rc1 Qxe4 25. Qxa6 Qe5 26. Rc8 Qd5 27. Rxd8+
Bxd8 28. h4 f5 29. Qc8 Kf7 30. Qc5 Qd7 31. Qd4 Qxd4 32. Bxd4 Be7 33. h5 g6 34.
hxg6+ Kxg6 35. Be5 Bc5 36. Kg2 Kf7 37. Bf4 h5 38. Be3 Be7 39. Bc1 h4 40. gxh4
Bxh4 41. b3 e5 1/2-1/2

[Event "10th Ugra Governor's Cup"]
[Site "Khanty-Mansiysk RUS"]
[Date "2014.11.08"]
[Round "4.8"]
[White "Smirnov, Pavel"]
[Black "Savchenko, Boris"]
[Result "1-0"]
[WhiteTitle "GM"]
[BlackTitle "GM"]
[WhiteElo "2592"]
[BlackElo "2598"]
[WhiteFideId "4123425"]
[BlackFideId "4147332"]
[EventDate "2014.11.05"]

1. d4 Nf6 2. c4 e6 3. Nf3 d5 4. g3 dxc4 5. Bg2 Nc6 6. Qa4 Bb4+ 7. Bd2 Nd5 8.
Bxb4 Nxb4 9. O-O O-O 10. a3 Nd5 11. Qxc4 Bd7 12. Nbd2 Na5 13. Qc2 Bb5 14. Ne4 h6
15. Rfe1 Rc8 16. Nc3 Nxc3 17. Qxc3 Nc4 18. a4 Ba6 19. b4 c6 20. e4 Nd6 21. Rac1
b6 22. Ne5 Bb7 23. Qe3 Qe7 24. h4 Rc7 25. Qf4 Rfc8 26. Nd3 Ba6 27. Ne5 Ne8 28.
d5 Bb7 29. dxe6 Qxe6 30. Ng4 c5 31. bxc5 Rxc5 32. Rxc5 bxc5 33. Kh2 Rd8 34. Rc1
c4 35. Ne3 Nd6 36. Rd1 Qe7 37. e5 Ne8 38. Rxd8 Qxd8 39. Bxb7 1-0

[Event "10th Ugra Governor's Cup"]
[Site "Khanty-Mansiysk RUS"]
[Date "2014.11.08"]
[Round "4.9"]
[White "Goryachkina, Aleksandra"]
[Black "Sjugirov, Sanan"]
[Result "0-1"]
[WhiteTitle "WGM"]
[BlackTitle "GM"]
[WhiteElo "2438"]
[BlackElo "2673"]
[WhiteFideId "4147103"]
[BlackFideId "4189302"]
[EventDate "2014.11.05"]

1. d4 d6 2. Nf3 g6 3. c4 Bg7 4. Nc3 Nc6 5. d5 Nb8 6. e4 Nd7 7. Qc2 e5 8. Be2 Ne7
9. h4 Nf6 10. Bg5 h6 11. Bd2 a6 12. Nh2 h5 13. Nf3 c6 14. Rd1 O-O 15. Ng5 b5 16.
b3 Qc7 17. Rc1 b4 18. Nd1 a5 19. Ne3 Ba6 20. Qd1 Qa7 21. g4 cxd5 22. exd5 hxg4
23. Bxg4 Qd4 24. Be2 Ne4 25. Nxe4 Qxe4 26. f3 Qf4 27. Nf1 Qd4 28. h5 Bf6 29. Ne3
Bh4+ 30. Rxh4 Qxh4+ 31. Kf1 Bc8 32. Ng2 Bh3 33. Kg1 Qg3 34. Bf1 Nf5 35. Be1 Qg5
36. Qd2 Qxh5 37. Qf2 Nd4 0-1